| 000 | 00771nas a2200265 4500 | ||
|---|---|---|---|
| 001 | BR7602096 | ||
| 003 | BR-BrBNA | ||
| 005 | 20231205082951.0 | ||
| 007 | ta | ||
| 008 | 230509b bl.|||p| |||| 00| 00por d | ||
| 040 |
_aBR-BrBNA _bpor _cBiblioteca Nacional de Agricultura |
||
| 041 | _a(Pt) | ||
| 072 | _aF25 | ||
| 100 | 1 | _aGomes, F.P. | |
| 245 | 1 | _aA adubacao do milho em Lavras [Zea mays; Minas Gerais; Brasil] | |
| 650 | _aFertilidade do solo | ||
| 650 | _aMilho | ||
| 650 | _aNPK | ||
| 650 | _aAdubacao | ||
| 650 | _aLavras | ||
| 650 | _aMinas Gerais | ||
| 773 | 0 |
_tAnais da Escola Superior de Agricultura Luiz de Queiroz (Brazil) _xISSN 0071-1276 _g(1976), v. 33 p. 349-363 _wBR7602096 |
|
| 909 |
_a202311 _bLúcia _c55 _dLúcia Elande |
||
| 942 |
_2AGRIS _n0 _cANA |
||
| 999 |
_c95436 _d95436 |
||